|
|
|
|
| LEADER |
00000nam0a2200000 4500 |
| 001 |
62488 |
| 005 |
20250225063226.0 |
| 035 |
|
|
|a (RuTPU)RU\TPU\book\66274
|
| 090 |
|
|
|a 62488
|
| 100 |
|
|
|a 20040412d1975 m y0rusy50 ca
|
| 101 |
0 |
|
|a rus
|a eng
|
| 102 |
|
|
|a RU
|
| 105 |
|
|
|a a j 000zy
|
| 200 |
1 |
|
|a Physics of solids
|e учебное пособие
|f М. В. Кокунова, Е. А. Калинина, С. М. Брестовицкая
|g Томский государственный университет
|
| 210 |
|
|
|a Томск
|c Изд-во ТГУ
|d 1975
|
| 215 |
|
|
|a 219 с.
|
| 333 |
|
|
|a Исключено из фонда НТБ ТПУ
|
| 700 |
|
1 |
|a Кокунова
|b М. В.
|
| 701 |
|
1 |
|a Калинина
|b Е. А.
|
| 701 |
|
1 |
|a Брестовицкая
|b С. М.
|
| 712 |
0 |
2 |
|a Томский государственный университет
|c 1917-2009
|7 ca
|8 rus
|9 23396
|
| 801 |
|
1 |
|a RU
|b 63413507
|c 20040412
|g PSBO
|
| 801 |
|
2 |
|a RU
|b 63413507
|c 20210513
|g PSBO
|
| 942 |
|
|
|c BK
|